| 000 | | | 03655nmc2a22002413x 450 |
| 001 | | | c9b62d36-8429-4a81-b37d-1dc7b9c8b086 |
| 005 | | | 20220913072445.0 |
| 100 | ## | $a | 20220414l18501850k l0rusy0189 ca |
| 101 | 0# | $a | rus |
| 102 | ## | $a | RU |
| 105 | ## | $a | y### |
| 122 | 2# | $a | d |
| 200 | 1# | $a | Дело об отпуске медикаментов и материалов для аптеки Конторского лазарета на 1850 год |
| | $j | 17 февраля - 18 апреля 1850 г. |
| 215 | ## | $a | 14 л. |
| | $d | 36,5х26 см |
| 251 | ## | $c | Дело |
| 300 | ## | $a | Дело |
| 371 | ## | $a | Документ не является опубликованным и широко распространяемым |
| 461 | #0 | $1 | 001625a9a7e-a890-4307-a7fe-826a2289a412 |
| | $1 | 2001 |
| | $a | Гоф-интенданская контора Министерства императорского двора |
| | $1 | 251 |
| | $c | Фонд |
| | $1 | 852 |
| | $j | 470 |
| 462 | #0 | $1 | 001f89dfab0-90be-4892-bbf4-6509d522bf4e |
| | $1 | 2001 |
| | $a | По Конторскому лазарету |
| | $1 | 251 |
| | $c | Опись |
| | $1 | 852 |
| | $j | 1 |
| | $l | 85-519 |
| 801 | #0 | $a | RU |
| | $b | РГИА |
| | $c | 20220414 |
| | $g | RCR |
| 801 | #1 | $a | RU |
| | $b | ГлавНИВЦ |
| | $c | 20220414 |
| | $2 | rusmarc |
| 801 | #2 | $a | RU |
| | $b | ПБ им. Б.Н. Ельцина |
| | $c | 20220913 |
| | $g | RCR |
| | $2 | rusmarc |
| 850 | ## | $a | РГИА |
| 852 | ## | $a | РГИА |
| | $e | Федеральное казенное учреждение "Российский государственный исторический архив" (РГИА) |
| | $j | 67 |
| 937 | ## | $h | РГИА |
| | $d | 12383390 |
| | $a | ASBIBLIO_SCAN |
| 035 | ## | $a | RusGRCC00043349 |
| 856 | ## | $u | http://readingroom.main.prlib.ru/item.aspx?id_node=n178798898&mode=full |